| 000 | 01198nam a2200301 i 4500 | ||
|---|---|---|---|
| 001 | 16076 | ||
| 003 | ES-MaACL | ||
| 005 | 20260301183521.0 | ||
| 007 | t| | ||
| 008 | 000621s1999 sp ||||1| spa d | ||
| 020 | _a84-7030-681-2 | ||
| 080 | _a929 Alfonso (460) XII | ||
| 080 | _a946.0"1874/1885" | ||
| 080 | _a946.0"1885/1902" | ||
| 100 | 1 |
_aLario, Angeles. _970256 |
|
| 245 | 1 | 3 |
_aEl rey, piloto sin brújula _b: la corona y el sistema político de la Restauración [1875-1902] / _cAngeles Lario ; prólogo de Javier Tusell. |
| 260 |
_aMadrid : _bBiblioteca Nueva : _bUniversidad Nacional de Educación a Distancia, _c[1999] |
||
| 300 |
_a540 p. : _bil. ; _c24 cm. |
||
| 490 | 1 | _aColección Historia Biblioteca Nueva | |
| 600 | 0 | 4 |
_aAlfonso _bXII, _cRey de España _919874 |
| 651 | 4 |
_aEspaña- _xHistoria- _y1874-1885, Alfonso XII. _98265 |
|
| 651 | 4 |
_aEspaña- _xHistoria- _y1885-1902, Regencia de Maria Cristina de Habsburgo. _98270 |
|
| 700 | 1 |
_aTusell, Javier. _9111767 |
|
| 710 | 2 |
_aUniversidad Nacional de Educación a Distancia (España) _97405 |
|
| 830 | 0 | 0 |
_aColección historia Biblioteca Nueva _9180428 |
| 852 |
_aES-MaACL _jL-23273 _bR.128561 |
||
| 999 |
_c16076 _d16076 |
||